Top 20 NBA 2kratings for the past 2 years - Statistics

General Stats
  • This quiz has been taken 109 times
  • The average score is 19 of 20
Answer Stats
# Hint Answer 2021 Rating 2022 Rating Combined Ratings % Correct
1 Bucks Giannis Antetokounmpo 96 97 193
100%
4 Nets Kevin Durant 96 96 192
100%
2 Lakers LeBron James 97 96 193
100%
3 Warriors Stephen Curry 97 96 193
100%
10 Lakers Anthony Davis 93 92 185
98%
6 76ers Joel Embiid 95 96 191
98%
7 Clippers Kawhi Leonard 96 95 191
98%
8 Mavericks Luka Doncic 94 95 189
98%
5 Nuggets Nikola Jokic 96 96 192
98%
12 Trailblazers Damian Lillard 94 90 184
97%
19 Hawks Trae Young 87 90 177
97%
14 Suns Devin Booker 89 91 180
96%
9 76ers James Harden 95 92 187
96%
18 Grizzlies Ja Morant 85 93 178
96%
15 Celtics Jayson Tatum 90 90 180
96%
11 Heat Jimmy Butler 92 92 184
96%
17 Pelicans Zion Williamson 90 89 179
96%
16 Suns Chris Paul 89 90 179
93%
13 Nets Kyrie Irving 91 92 183
93%
20 Bulls DeMar DeRozan 87 90 177
90%
No matching quizzes found
Score Distribution
Percent of People with Each Score
Percentile by Number Answered
Your Score History
You have not taken this quiz